La lettre et le chapeau ou les de buts de Michetle (Record no. 89799)

MARC details
000 -LEADER
campo de control de longitud fija 00527nam a2200169 i 4500
001 - NÚMERO DE CONTROL
campo de control 89799
003 - IDENTIFICADOR DE NÚMERO DE CONTROL
campo de control ES-MaACL
005 - FECHA Y HORA DE LA ÚLTIMA TRANSACCIÓN
campo de control 20230906180253.0
007 - CAMPO FIJO DE DESCRIPCIÓN FÍSICA--INFORMACIÓN GENERAL
campo de control de longitud fija t|
008 - DATOS DE LONGITUD FIJA--INFORMACIÓN GENERAL
campo de control de longitud fija 050113s1953 fr ||||1| fre d
100 1# - ENTRADA PRINCIPAL--NOMBRE DE PERSONA
Nombre de persona Laurent, Jules.
9 (RLIN) 70633
245 13 - MENCIÓN DEL TÍTULO
Título La lettre et le chapeau ou les de buts de Michetle
Resto del título : piece en un acte /
Mención de responsabilidad, etc. Jules Laurent et Claude de Presles.
260 ## - PUBLICACIÓN, DISTRIBUCIÓN, ETC.
Lugar de publicación, distribución, etc. Paris :
Nombre del editor, distribuidor, etc. Theatrales,
Fecha de publicación, distribución, etc. [1953]
300 ## - DESCRIPCIÓN FÍSICA
Extensión 16 p. ;
Dimensiones 12 cm.
700 1# - ENTRADA AGREGADA--NOMBRE PERSONAL
Nombre de persona Presles, Claude des.
9 (RLIN) 93781
852 ## - LOCALIZACIÓN
Ubicación ES-MaACL
Número de control de estantería 2032-F-1
Sublocalización o colección R.51881
Holdings
Estatus retirado Estado de pérdida Estado de daño No para préstamo Colección Biblioteca de origen Biblioteca actual Ubicación en estantería Fecha de adquisición Fuente de adquisición Total de préstamos Signatura topográfica completa Código de barras Visto por última vez Precio de reemplazo Tipo de ítem Koha
        Colección de folletos Biblioteca del Ateneo de Madrid Biblioteca del Ateneo de Madrid Depósito folletos 17/01/2008     2032-F-1 1093781 23/02/2023 23/02/2023 Folleto